LEADER 01469nam a2200253 i 4500 001 000000243332 003 CaOOAMICUS 005 20150630000000.0 008 150630s1997 it u000 u ita u 013 $a222237 040 $aSeMil$bita 100 1 $aFontana, Alessandra .$0(OLS)http://semarc/name/93975 245 10$aMaddalena di Canossa e l'educazione della Gioventł Femminile nelle aree rurali :$bi "seminari" per le maestre di campagna /$cTesi di Magistero in Scienze Religiose di Alessandra Fontana ; Relatore : Ch.mo prof. Roberto Sani. 260 $aMilano :$b[s.n.],$c1997. 300 $aVIII, 456 c. ;$c30 cm. 500 $aContiene : Bibliografia ; Appendici. - In testa al front : Istituto Superiore di Scienze Religiose di Milano. - Ai pie' del front : Anno Accademico 1996-1997. 650 4$aMaddalena : di Canossa .$0(OLS)http://semarc/subject/7092 650 4$aTesi di laurea.$0(OLS)http://semarc/subject/1690 700 1 $aSani, Roberto,$d<1958- >.$0(OLS)http://semarc/name/23359 710 0 $aIstituto Superiore di Scienze Religiose .$0(OLS)http://semarc/name/2495 850 $aSeMil 852 $aSeMil$W1$xVenegono$y1$m4X I 109$j193678$B193678$CSeMilBibl$Z2$F204414 $8L 996 $6245$aMaddalena di Canossa e l'educazione della Gioventł Femminile nelle aree rurali :$bi "seminari" per le maestre di campagna$9(OLS)http://semarc/title/345163 996 $6260$aMilano :$b[s.n.]$9(OLS)http://semarc/publisher/29709 LEADER 01069nam a2200229 i 4500 001 000000180406 003 CaOOAMICUS 005 20090708000000.0 008 090708s1941 xx u000 u lat u 013 $a158051 040 $aSeMil$bita 245 10$aVenetiae-Histria Dalmatia :$brationes decimarum Italiae nei secoli 13. e 14. /$ca cura di Pietro Sella e Giuseppe Vale. 260 $aCittą del Vaticano :$bBiblioteca Apostolica Vaticana,$c1941. 300 $aXLVIII, 571 p. + 2 c. topografiche ;$c25 cm. 490 0 $aStudi e testi ;$v96 700 1 $aVale, Giuseppe.$0(OLS)http://semarc/name/66698 700 1 $aSella, Pietro.$0(OLS)http://semarc/name/9685 830 0$aStudi e testi ;$v96.$0(OLS)http://semarc/title/153 850 $aSeMil 852 $aSeMil$W1$xVenegono$y1$m3C V 167$j131154$B131154$CSeMilBibl$Z2$F143051 $81 996 $6245$aVenetiae-Histria Dalmatia :$brationes decimarum Italiae nei secoli 13. e 14.$9(OLS)http://semarc/title/259034 996 $6260$aCittą del Vaticano :$bBiblioteca Apostolica Vaticana$9(OLS)http://semarc/publisher/29667